Análisis de alternativas para el tratamiento futuro de las aguas negras de la zona este de la ciudad de Puntarenas
Guardat en:
| Autor principal: | |
|---|---|
| Format: | Desconegut |
| Publicat: |
[San José, Costa Rica]
1978
|
| Matèries: | |
| Etiquetes: |
Afegir etiqueta
Sense etiquetes, Sigues el primer a etiquetar aquest registre!
|
MARC
| LEADER | 00000 a2200000 4500 | ||
|---|---|---|---|
| 003 | 000748 | ||
| 005 | 20221231143734.0 | ||
| 008 | 140114s1978 cr a m 000 ||s d | ||
| 040 | |c cru CEDI | ||
| 090 | |a TFG 793 | ||
| 100 | |a Mesen V, Ronald |9 16306 | ||
| 245 | |a Análisis de alternativas para el tratamiento futuro de las aguas negras de la zona este de la ciudad de Puntarenas | ||
| 260 | |c 1978 |a [San José, Costa Rica] | ||
| 300 | |a [61 hojas] : cuadros, mapas (algunos plegables) ; 28 cm | ||
| 500 | |a Tesis (ingeniero civil)--Universidad de Costa Rica. | ||
| 650 | |x PURIFICACION DE AGUAS RESIDUALES |x PUNTARENAS (COSTA RICA) |9 4498 | ||
| 942 | |c TFG | ||
| 999 | |c 11083 |d 11083 | ||
